Evolutionary multi-objective system design : theory and applications /

Real-world engineering problems often require concurrent optimization of several design objectives, which are conflicting in cases. This type of optimization is generally called multi-objective or multi-criterion optimization. The area of research that applies evolutionary methodologies to multi-obj...

Full description

Bibliographic Details
Corporate Author: Taylor & Francis
Other Authors: Nedjah, Nadia (Editor), Macedo Mourelle, Luiza de (Editor), Lopes, Heitor Silvério (Editor)
Format: eBook
Language:English
Published: Boca Raton : CRC Press, 2018.
Series:Chapman & Hall/CRC computer and information science series.
Subjects:
Online Access:Connect to the full text of this electronic book

MARC

Tag First Indicator Second Indicator Subfields
LEADER 00000cam a2200000 i 4500
001 in00005526321
006 m o d
007 cr cnu---unuuu
008 200721s2018 flua ob 001 0 eng d
005 20241108170119.1
035 |a (OCoLC)on1176298638 
040 |a TYFRS  |b eng  |e rda  |e pn  |c TYFRS  |d TYFRS  |d YDX  |d UKAHL  |d OCLCF  |d K6U  |d OCLCO  |d OCLCQ  |d OCLCO  |d OCLCQ  |d SFB  |d OCLCQ  |d OCLCO  |d OCLCL 
019 |a 1156990524  |a 1303492634 
020 |a 9781315366845  |q (electronic bk.) 
020 |a 1315366843  |q (electronic bk.) 
020 |a 9781315349596  |q (electronic bk. ;  |q EPUB) 
020 |a 1315349590  |q (electronic bk. ;  |q EPUB) 
020 |a 9781498780292  |q (electronic bk. ;  |q PDF) 
020 |a 1498780296  |q (electronic bk. ;  |q PDF) 
020 |a 9781315330563  |q (electronic bk. ;  |q Mobipocket) 
020 |a 1315330563  |q (electronic bk. ;  |q Mobipocket) 
020 |z 1498780288 
020 |z 9781498780285 
035 |a (OCoLC)1176298638  |z (OCoLC)1156990524  |z (OCoLC)1303492634 
037 |a 9781315366845  |b Taylor & Francis 
050 4 |a QA76.618  |b .E96 2018eb 
072 7 |a COM  |x 012040  |2 bisacsh 
072 7 |a COM  |x 037000  |2 bisacsh 
072 7 |a COM  |x 059000  |2 bisacsh 
072 7 |a TJFM  |2 bicssc 
082 0 4 |a 006.3823  |2 23 
049 |a TXAM 
245 0 0 |a Evolutionary multi-objective system design :  |b theory and applications /  |c edited by Nadia Nedjah, Luiza De Macedo Mourelle, Heitor Silverio Lopes. 
264 1 |a Boca Raton :  |b CRC Press,  |c 2018. 
300 |a 1 online resource (xxiii, 217 pages) :  |b illustrations 
336 |a text  |b txt  |2 rdacontent 
337 |a computer  |b c  |2 rdamedia 
338 |a online resource  |b cr  |2 rdacarrier 
490 1 |a Chapman & Hall/CRC computer and information science series 
504 |a Includes bibliographical references and index. 
520 |a Real-world engineering problems often require concurrent optimization of several design objectives, which are conflicting in cases. This type of optimization is generally called multi-objective or multi-criterion optimization. The area of research that applies evolutionary methodologies to multi-objective optimization is of special and growing interest. It brings a viable computational solution to many real-world problems. Generally, multi-objective engineering problems do not have a straightforward optimal design. These kinds of problems usually inspire several solutions of equal efficiency, which achieve different trade-offs. Decision makers' preferences are normally used to select the most adequate design. Such preferences may be dictated before or after the optimization takes place. They may also be introduced interactively at different levels of the optimization process. Multi-objective optimization methods can be subdivided into classical and evolutionary. The classical methods usually aim at a single solution while the evolutionary methods provide a whole set of so-called Pareto-optimal solutions. Evolutionary Multi-Objective System Design: Theory and Applications provides a representation of the state-of-the-art in evolutionary multi-objective optimization research area and related new trends. It reports many innovative designs yielded by the application of such optimization methods. It also presents the application of multi-objective optimization to the following problems: Embrittlement of stainless steel coated electrodes Learning fuzzy rules from imbalanced datasets Combining multi-objective evolutionary algorithms with collective intelligence Fuzzy gain scheduling control Smart placement of roadside units in vehicular networks Combining multi-objective evolutionary algorithms with quasi-simplex local search Design of robust substitution boxes Protein structure prediction problem Core assignment for efficient network-on-chip-based system design 
545 0 |a Nadia Nedjah, Luiza De Macedo Mourelle, Heitor Silverio Lopes 
588 0 |a Print version record. 
650 0 |a Computational intelligence. 
650 0 |a Evolutionary computation. 
650 0 |a Mathematical optimization. 
650 0 |a Artificial intelligence. 
650 0 |a Machine learning. 
650 0 |a Data mining. 
650 2 |a Artificial Intelligence 
650 2 |a Data Mining 
650 2 |a Machine Learning 
650 6 |a Intelligence informatique. 
650 6 |a Réseaux neuronaux à structure évolutive. 
650 6 |a Optimisation mathématique. 
650 6 |a Intelligence artificielle. 
650 6 |a Apprentissage automatique. 
650 6 |a Exploration de données (Informatique) 
650 7 |a artificial intelligence.  |2 aat 
650 7 |a COMPUTERS  |x Computer Graphics  |x Game Programming & Design.  |2 bisacsh 
650 7 |a COMPUTERS  |x Machine Theory.  |2 bisacsh 
650 7 |a COMPUTERS  |x Computer Engineering.  |2 bisacsh 
650 7 |a Artificial intelligence  |2 fast 
650 7 |a Computational intelligence  |2 fast 
650 7 |a Data mining  |2 fast 
650 7 |a Evolutionary computation  |2 fast 
650 7 |a Machine learning  |2 fast 
650 7 |a Mathematical optimization  |2 fast 
655 7 |a Electronic books.  |2 local 
700 1 |a Nedjah, Nadia,  |e editor. 
700 1 |a Macedo Mourelle, Luiza de,  |e editor. 
700 1 |a Lopes, Heitor Silvério,  |e editor. 
710 2 |a Taylor & Francis. 
758 |i has work:  |a Evolutionary multi-objective system design (Text)  |1 https://id.oclc.org/worldcat/entity/E39PCGcK8yQgrw4p834h9WQtTd  |4 https://id.oclc.org/worldcat/ontology/hasWork 
776 0 8 |i Print version:  |t Evolutionary multi-objective system design.  |d Boca Raton : Chapman & Hall/CRC, 2018  |z 1498780288  |w (OCoLC)1031872941 
830 0 |a Chapman & Hall/CRC computer and information science series. 
856 4 0 |u http://proxy.library.tamu.edu/login?url=https://www.taylorfrancis.com/books/9781315366845  |z Connect to the full text of this electronic book  |t 0 
955 |a Taylor and Francis ENGnetBASE 
994 |a 92  |b TXA 
999 f f |s c17f6216-914c-4de9-a6ba-d71364a3da75  |i 18911464-e885-44df-829a-6f58aafa9175  |t 0 
952 f f |a Texas A&M University  |b College Station  |c Electronic Resources  |d Available Online  |t 0  |e QA76.618 .E96 2018eb  |h Library of Congress classification 
998 f f |a QA76.618 .E96 2018eb  |t 0  |l Available Online